| 000 | 00000nam##2200000za#4500 |
| 001 | 9.686073 |
| 003 | CaOODSP |
| 005 | 20210624230354 |
| 007 | cr ||||||||||| |
| 008 | 150407|2001||||xxc|||||o f|0| 0 eng|d |
| 020 | |a0-662-30322-9 |
| 040 | |aCaOODSP|beng |
| 043 | |an-cn--- |
| 086 | 1 |aMR21-27/2001E-IN |
| 110 | 2 |aCanadian Institutes of Health Research. |
| 245 | 10|aHuman stem cell research : |h[electronic resource]|bopportunities for health and ethical perspectives : a discussion paper / |c[prepared by The ad hoc Working Group on Stem Cells Research]. |
| 260 | |aOttawa - Ontario : |bCanadian Institutes of Health Research |c[2001]. |
| 300 | |a33p. |
| 590 | |a12-31-Supp|b2012-07-06 |
| 690 | 07|aBioethics|2gcpds |
| 690 | 07|aBiotechnology|2gcpds |
| 690 | 07|aMedical research|2gcpds |
| 775 | 08|tRecherche sur les cellules souches humaines : |w(CaOODSP)9.630603 |
| 776 | 0#|tHuman stem cell research : |w(CaOODSP)9.648136 |
| 856 | 40|ahttp://publications.gc.ca|qPDF|s378 KB|uhttps://publications.gc.ca/collections/Collection/MR21-27-2001E.pdf |